| 000 | 00804nam a2200289Ia 4500 | ||
|---|---|---|---|
| 005 | 20250425161858.0 | ||
| 008 | 250425s9999 xx 000 0 und d | ||
| 020 | _a848088178X | ||
| 041 | _aspa | ||
| 043 | _asp | ||
| 082 | _a658.4 | ||
| 100 | _aLEVI-LEBOYER, CLAUDE | ||
| 245 | 0 | _aGESTION DE LAS COMPETENCIAS: COMO ANALIZARLAS , COMO EVALUARLAS, COMO DESARROLLARLAS | |
| 250 | _a1A ED. | ||
| 260 |
_aBARCELONA _bGESTION 2000 |
||
| 260 |
_aEspaña _bESPAE: ESCUELA DE POSGRADO EN ADM. DE EMPRESAS _c1997 |
||
| 300 | _a161 | ||
| 500 | _aTítulo Traducido: LA GESTION DES COMPETENCES | ||
| 650 | _aCOMPETENCIA | ||
| 650 | _aDESARROLLO | ||
| 650 | _aEVALUACION | ||
| 650 | _aGESTION | ||
| 700 |
_aTHAU SL _etraductor |
||
| 710 | _aGESTION 2000 S.A. | ||
| 942 | _c01 | ||
| 010 | _a33393 | ||
| 999 |
_c217987 _d217987 |
||